Responses for Show #7480 - Friday, March 3, 2017

Contestants

[<< previous game]

Jeff Brown, a grant writer from Broken Arrow, Oklahoma

Trish Floyd, an actuary from Chicago, Illinois

Rob Liguori, a research editor from Brooklyn, New York (whose 3-day cash winnings total $58,601)

[next game >>]

Jeopardy! Round responses

THE DREADED SPELLING CATEGORY
(Alex: And yes, you have to spell the correct response.)
A SONG OF "YOU"
PRESIDENTIAL HOMES
SOMETHING TO WEAR
AMERICAN AUTHORS
BEST DAY OF MY LIFE
    $200 13
(Alex: Or a wildebeest.)

G-N-U

Trish
    $200 2
"You Are The Sunshine Of My Life"

Triple Stumper
    $200 4
Reagan

Jeff
    $200 11
tap shoes

Rob
    $200 22
Stuart Little

Trish
    $200 1
the Northern Lights

Jeff
    $400 17
(Jeff: What is Favre? [*].)

F-A-V-R-E

Jeff
    $400 3
"Forget You"

Trish
    $400 6
(Alex: George Washington's home.)

Mount Vernon

Triple Stumper
    $400 14
faux

Trish
    $400 23
(Alex: With less than a minute to go now.)

(Stephen) King

Jeff
    $400 7
St. Andrews

Rob
    $600 20
T-I-M-B-R-E

Jeff
    $600 5
"See You Again"

Triple Stumper
    $1,200 12
Sherwood Forest

Rob
    $600 15
fatigues

Trish
    $600 8
Stanford

Rob
    $800 24
(Rob: What is insomnia? I-N-S-O-M-N-I-A?)
(Jeff: What is narcolepsy? N-A-R-C-O-L-E-P-- oh, no. Y-S-E?)
(Alex: No.)
(Jeff: Y? Oh, God, I'm falling apart.)
[Laughter]

N-A-R-C-O-L-E-P-S-Y

RobJeff
Triple Stumper
    $800 18
"When You Were Young"

Triple Stumper
    $800 16
double breasted suits

Rob
    $800 9
a manatee

Trish
    $1000 21
"Don't You Want Me"

Trish
    $1000 25
[The end-of-round signal sounds.]

Ohio

Rob
    $1000 19
hijab

Rob
    $1000 10
the Royal Gorge

Triple Stumper

Scores at the first commercial break (after clue 15):

Rob Trish Jeff
$2,400 $2,400 $400

Scores at the end of the Jeopardy! Round:

Rob Trish Jeff
$4,400 $3,600 $1,000

Double Jeopardy! Round responses

SPY vs. SPY
1960s SLANG
PRITZKER ARCHITECTURE PRIZE WINNERS
CULTURAL "LIT"ERACY
BRITISH GEOGRAPHY
MOVIE BEFORE, TV AFTER
    $400 16
the CIA

Rob
    $400 12
square

Jeff
    $400 19
Paris

Trish
    $400 6
(Trish: What is silkscreen?)

lithography

RobTrish
    $400 20
Avon

Rob
    $400 1
(Trish: What is Alpha House?)

Animal House of Cards

RobTrish
    $800 17
(Trish: What is Mowgli?)
(Jeff: Who is Rikki-Tikki-Tavi?)
(Rob: Who is Jim?)

Kim

RobTrishJeff
Triple Stumper
    $800 7
a pad

Rob
    $800 24
Sydney

Rob
    $800 10
liturgy

Jeff
    $800 22
the Shetlands

Trish
    $800 2
(Rob: What is [*] Movie? What is [*]: Bigger, Longer and Uncut?)

Song of the South Park

RobJeff
    $1200 18
Sidney Reilly

Triple Stumper
    $1200 8
wipeout

Rob
    $1200 25
(Alex: Less than a minute now.)

Connecticut

Rob
    $1200 13
littoral

Jeff
    $1200 23
Dover

Rob
    $1200 3
Notting Hill Street Blues

Jeff
    $1600 21
Bermuda

Trish
    $1600 9
threads

Rob
    $1600 14
Little Nell

Triple Stumper
    $1600 27
Birmingham

Triple Stumper
    $1600 4
All My Sons of Anarchy

Triple Stumper
    $800 26
(Allan) Pinkerton

Rob
    $2000 11
a record store

Rob
    $2000 15
Litovsk

Rob
    $2000 28
[The end-of-round signal sounds.]

the Isle of Man

Jeff
    $2000 5
(Rob: What is A Tree Grows in Brooklyn 9-9?)

Last Exit to Brooklyn 9-9

Rob
Triple Stumper

Scores at the end of the Double Jeopardy! Round:

Rob Trish Jeff
$14,000 $4,800 $6,600
(lock game)

[wagering suggestions for these scores]

Final Jeopardy! Round responses

AUTHORS' EPITAPHS
(Alex: He's a knight, so there would be a "sir" before his name.)
TrishWho is ?
$0
JeffWho is Arthur Conan Doyle?
$3,001
RobWho is Fleming?
$0
Sir Arthur Conan Doyle

Final scores:

Rob Trish Jeff
$14,000 $4,800 $9,601
4-day champion: $72,601 3rd place: $1,000 2nd place: $2,000

Game dynamics:

Coryat scores:

Rob Trish Jeff
$14,600 $4,800 $6,600
20 R
(including 2 DDs),
4 W
10 R,
3 W
11 R,
2 W

Combined Coryat: $26,000

[game clues] [game scores] [suggest correction]

Game tape date: Unknown
The J! Archive is created by fans, for fans. Scraping, republication, monetization, and malicious use prohibited; this site may use cookies and collect identifying information. See terms. The Jeopardy! game show and all elements thereof, including but not limited to copyright and trademark thereto, are the property of Jeopardy Productions, Inc. and are protected under law. This website is not affiliated with, sponsored by, or operated by Jeopardy Productions, Inc. Join the discussion at JBoard.tv.